Catalog

Record Details

Catalog Search



Available copies

  • 3 of 3 copies available at LARL/NWRL Consortium.
  • 2 of 2 copies available at Lake Agassiz Regional Library. (Show preferred library)

Current holds

0 current holds with 3 total copies.

Show Only Available Copies
Location Call Number / Copy Notes Barcode Shelving Location Status Due Date
Detroit Lakes Public Library BLA (Text) 33500013641691 Main Available -
Moorhead Public Library BLA (Text) 33500013539630 Main Available -
Warroad Public Library BLA (Text) 35500006559973 Main Available -

Record details

  • ISBN: 9780593336403
  • ISBN: 0593336402
  • Physical Description: 390 pages ; 21 cm.
  • Edition: First edition.
  • Publisher: New York : Jove, 2022.

Content descriptions

General Note:
Includes and excerpt from the author's Astrid Parker doesn't fail (pages 379-390).
Summary, etc.:
"A clever and steamy queer romantic comedy about ... Read More
Source of Description Note:
Series information from Goodreads.com.
Subject: Weddings > Fiction.
Bridesmaids > Fiction.
Sisters > Fiction.
Photographers > Fiction.
Lesbians > Fiction.
Bisexuals > Fiction.
Bisexual women > Fiction.
Queer women.
Genre: Love stories.
Romance fiction.
Lesbian fiction.
Novels.
LGBTQ+ fiction.
Queer fiction.
LGBTQ+ romance fiction.
Queer romance fiction.
Lesbian romance fiction.
LDR 03723cam a22006138i 4500
001383025
003LARL_NWRL_CONSORTIUM
00520220228155421.0
008210629s2022 nyu e 000 1 eng
010 . ‡a 2021031412
040 . ‡aDLC ‡beng ‡erda ‡cDLC ‡dOCLCO ‡dOCLCF ‡dIK2 ‡dRNL ‡dGL4 ‡dGO4 ‡dIUK
019 . ‡a1296760558
020 . ‡a9780593336403 ‡q(trade paperback)
020 . ‡a0593336402 ‡q(trade paperback)
020 . ‡z9780593336410 ‡q(ebook)
035 . ‡a(OCoLC)1260173439 ‡z(OCoLC)1296760558
042 . ‡apcc
08200. ‡a813/.6 ‡223
1001 . ‡aBlake, Ashley Herring, ‡eauthor. ‡0(LARL_NWRL_CONSORTIUM)222502
24510. ‡aDelilah Green doesn't care / ‡cAshley Herring Blake.
2463 . ‡aDelilah Green does not care
250 . ‡aFirst edition.
264 1. ‡aNew York : ‡bJove, ‡c2022.
300 . ‡a390 pages ; ‡c21 cm.
336 . ‡atext ‡btxt ‡2rdacontent
337 . ‡aunmediated ‡bn ‡2rdamedia
338 . ‡avolume ‡bnc ‡2rdacarrier
4900 . ‡aBright Falls ; ‡v1
500 . ‡aIncludes and excerpt from the author's Astrid Parker doesn't fail (pages 379-390).
588 . ‡aSeries information from Goodreads.com.
520 . ‡a"A clever and steamy queer romantic comedy about taking chances and accepting love-with all its complications-by debut author Ashley Herring Blake. Delilah Green swore she would never go back to Bright Falls-nothing is there for her but memories of a lonely childhood where she was little more than a burden to her cold and distant stepfamily. Her life is in New York, with her photography career finally gaining steam and her bed never empty. Sure, it's a different woman every night, but that's just fine with her. When Delilah's estranged stepsister, Astrid, pressures her into photographing her wedding with a guilt trip and a five-figure check, Delilah finds herself back in the godforsaken town that she used to call home. She plans to breeze in and out, but then she sees Claire Sutherland, one of Astrid's stuck-up besties, and decides that maybe there's some fun (and a little retribution) to be had in Bright Falls, after all. Having raised her eleven-year-old daughter mostly on her own while dealing with her unreliable ex and running a bookstore, Claire Sutherland depends upon a life without surprises. And Delilah Green is an unwelcome surprise...at first. Though they've known each other for years, they don't really know each other-so Claire is unsettled when Delilah figures out exactly what buttons to push. When they're forced together during a gauntlet of wedding preparations-including a plot to save Astrid from her horrible fiancé-Claire isn't sure she has the strength to resist Delilah's charms. Even worse, she's starting to think she doesn't want to.."-- ‡cProvided by publisher.
650 0. ‡aWeddings ‡vFiction. ‡0(LARL_NWRL_CONSORTIUM)167876
650 0. ‡aBridesmaids ‡vFiction.
650 0. ‡aSisters ‡vFiction. ‡0(LARL_NWRL_CONSORTIUM)167281
650 0. ‡aPhotographers ‡vFiction. ‡0(LARL_NWRL_CONSORTIUM)166585
650 0. ‡aLesbians ‡vFiction. ‡0(LARL_NWRL_CONSORTIUM)165925
650 0. ‡aBisexuals ‡vFiction.
650 0. ‡aBisexual women ‡vFiction.
650 7. ‡aQueer women. ‡2homoit
655 7. ‡aLove stories. ‡2gsafd
655 7. ‡aRomance fiction. ‡2lcgft
655 7. ‡aLesbian fiction. ‡2lcgft
655 7. ‡aNovels. ‡2lcgft
655 7. ‡aLGBTQ+ fiction. ‡2homoit
655 7. ‡aQueer fiction. ‡2homoit
655 7. ‡aLGBTQ+ romance fiction. ‡2homoit
655 7. ‡aQueer romance fiction. ‡2homoit
655 7. ‡aLesbian romance fiction. ‡2homoit
77608. ‡iOnline version: ‡aBlake, Ashley Herring. ‡tDelilah Green doesn't care ‡dNew York : Jove, 2022 ‡z9780593336410 ‡w(DLC) 2021031413
901 . ‡a383025 ‡bOCoLC ‡c383025 ‡tbiblio ‡soclc

Additional Resources